Making cities work : (Record no. 34080)
[ view plain ]
| 000 -LEADER | |
|---|---|
| fixed length control field | 01256nam a2200337 a 4500 |
| 001 - CONTROL NUMBER | |
| control field | 34080 |
| 003 - CONTROL NUMBER IDENTIFIER | |
| rucl marc code | BD-RjUL |
| 005 - DATE AND TIME OF LATEST TRANSACTION | |
| control field | 20211209052113.0 |
| 008 - FIXED-LENGTH DATA ELEMENTS--GENERAL INFORMATION | |
| fixed length control field | 140514s1980 enk b 101 0 eng |
| 020 ## - INTERNATIONAL STANDARD BOOK NUMBER | |
| International Standard Book Number | 0891586563 (Westview) |
| 035 ## - SYSTEM CONTROL NUMBER | |
| System control number | (BD-RjUL)34174 |
| 040 ## - CATALOGING SOURCE | |
| Original cataloging agency | DLC |
| Transcribing agency | DLC |
| Modifying agency | DLC |
| -- | BD-RjUL |
| Language of cataloging | eng |
| 041 ## - LANGUAGE CODE | |
| Language code of text/sound track or separate title | eng |
| 082 00 - DEWEY DECIMAL CLASSIFICATION NUMBER | |
| Classification number | 307.76 |
| Edition number | 19 |
| Author mark and year | MAK 1980 |
| 245 00 - TITLE STATEMENT | |
| Title | Making cities work : |
| Remainder of title | the dynamics of urban innovation / |
| Statement of responsibility, etc. | edited by David Morley, Stuart Proudfoot and Thomas Burns. |
| 260 ## - PUBLICATION, DISTRIBUTION, ETC. (IMPRINT) | |
| Place of publication, distribution, etc. | London, England ; |
| Name of publisher, distributor, etc. | Croom Helm ; |
| Place of publication, distribution, etc. | Boulder, Col. : |
| Name of publisher, distributor, etc. | Westview Press, |
| Date of publication, distribution, etc. | 1980. |
| 300 ## - PHYSICAL DESCRIPTION | |
| Pagination | 285 p. ; |
| Size | 23 cm. |
| 500 ## - GENERAL NOTE | |
| General note | Based on the outcome of presentations made at a conference held in May 1977 at York University. |
| 504 ## - BIBLIOGRAPHY, ETC. NOTE | |
| Bibliography, etc | Includes bibliographical references and index. |
| 650 #0 - SUBJECT ADDED ENTRY--TOPICAL TERM | |
| Topical term or geographic name as entry element | Urban policy |
| General subdivision | Congresses. |
| 9 (RLIN) | 103587 |
| Topical term or geographic name as entry element | Social change |
| General subdivision | Congresses. |
| 9 (RLIN) | 102860 |
| Topical term or geographic name as entry element | Network analysis (Planning) |
| General subdivision | Congresses. |
| 9 (RLIN) | 103588 |
| Topical term or geographic name as entry element | Municipal government |
| General subdivision | Congresses. |
| 9 (RLIN) | 103589 |
| Topical term or geographic name as entry element | Energy policy |
| General subdivision | Congresses. |
| 9 (RLIN) | 103590 |
| 700 1# - ADDED ENTRY--PERSONAL NAME | |
| Personal name | Morley, David, |
| Dates associated with a name | 1935- |
| Personal name | Proudfoot, Stuart. |
| Personal name | Burns, Thomas. |
| 942 ## - ADDED ENTRY ELEMENTS (KOHA) | |
| Source of classification or shelving scheme | Dewey Decimal Classification |
| Koha item type | Books |
| Lost status | Source of classification or shelving scheme | Damaged status | Not for loan | Collection code | Permanent Location | Current Location | Shelving location | Date acquired | Source of acquisition | Cost, normal purchase price | Total Checkouts | Full call number | Date last seen | Copy number | Koha item type |
|---|---|---|---|---|---|---|---|---|---|---|---|---|---|---|---|
| Dewey Decimal Classification | Not For Loan | Non-fiction | Central Library, University of Rajshahi | Central Library, University of Rajshahi | Reading Room | 16/08/1989 | Asia foundation | 0.00 | 307.76 MAK 1980 | 14/05/2014 | C-1 | Books |